| 000 | 00662nam a2200229Ia 4500 | ||
|---|---|---|---|
| 003 | OSt | ||
| 005 | 20230413155401.0 | ||
| 008 | 210423s2010 xx 000 0 und d | ||
| 020 | _a9788174468246 | ||
| 040 | _cAL | ||
| 041 | _aeng | ||
| 082 | _a330 DUBN | ||
| 100 |
_aDUBEY (Nishith);BAPNA (Ira) _988298 |
||
| 245 | _aTransforming present economic challenges into global prosperity | ||
| 260 |
_aNew Delhi _bExcel Books _c2010 |
||
| 300 |
_axviii,400 _bPB |
||
| 365 |
_b550 _cINR |
||
| 650 |
_aEconomics _988299 |
||
| 650 |
_aEconomics _988299 |
||
| 906 | _achallenges ; economic ; global ; into ; present ; prosperity ; Transforming | ||
| 942 |
_2ddc _cBK |
||
| 999 |
_c159767 _d159767 |
||